Diálogos técnicos de política : (Registro nro. 3677)
[ vista simple ]
| 000 -LEADER | |
|---|---|
| fixed length control field | 01223nam a2200241Ia 4500 |
| 003 - CONTROL NUMBER IDENTIFIER | |
| control field | OSt |
| 005 - DATE AND TIME OF LATEST TRANSACTION | |
| control field | 20200818141630.0 |
| 008 - FIXED-LENGTH DATA ELEMENTS--GENERAL INFORMATION | |
| fixed length control field | 191128s9999 xx 000 0 und d |
| 020 ## - INTERNATIONAL STANDARD BOOK NUMBER | |
| International Standard Book Number | 9789585880139 |
| 040 ## - CATALOGING SOURCE | |
| Original cataloging agency | CO-JMCR |
| Transcribing agency | CO-JMCR |
| 041 0# - LANGUAGE CODE | |
| Language code of text/sound track or separate title | spa |
| 082 04 - DEWEY DECIMAL CLASSIFICATION NUMBER | |
| Classification number | 345.86 / |
| Item number | C718d |
| Edition number | 23 |
| 110 2# - MAIN ENTRY--CORPORATE NAME | |
| Corporate name or jurisdiction name as entry element | Colombia. |
| Subordinate unit | Ministerio de Agricultura y Desarrollo Rural |
| -- | Unidad Administrativa Especial de Gestión de Restitución de Tierras Despojadas |
| 9 (RLIN) | 8856 |
| 245 10 - TITLE STATEMENT | |
| Title | Diálogos técnicos de política : |
| Remainder of title | restitución de tierras ley 1448 de 2011, memorias / |
| Statement of responsibility, etc. | Unidad de Restitución de tierras |
| 250 ## - EDITION STATEMENT | |
| Edition statement | Primera edición |
| 260 ## - PUBLICATION, DISTRIBUTION, ETC. | |
| Place of publication, distribution, etc. | Bogotá : |
| Name of publisher, distributor, etc. | Ministerio de Agricultura y Desarrollo Rural, |
| Date of publication, distribution, etc. | 2015 |
| 300 ## - PHYSICAL DESCRIPTION | |
| Extent | 198 páginas ; |
| Dimensions | 20 cm. |
| 505 0# - FORMATTED CONTENTS NOTE | |
| Formatted contents note | Primer diálogo técnico de política: restitución de tierras tras dos años de implementación -- Segundo diálogo técnico sobre la política de restitución de tierras -- Tercer diálogo técnico de política de restitución de tierras |
| 650 14 - SUBJECT ADDED ENTRY--TOPICAL TERM | |
| Topical term or geographic name entry element | Restitución de tierras |
| General subdivision | aspectos jurídicos |
| Geographic subdivision | Colombia |
| 9 (RLIN) | 8857 |
| 650 14 - SUBJECT ADDED ENTRY--TOPICAL TERM | |
| Topical term or geographic name entry element | Víctimas de delitos |
| General subdivision | aspectos jurídicos |
| Geographic subdivision | Colombia |
| 9 (RLIN) | 8858 |
| 650 24 - SUBJECT ADDED ENTRY--TOPICAL TERM | |
| Topical term or geographic name entry element | Reparación (Justicia penal) |
| Geographic subdivision | Colombia |
| 9 (RLIN) | 8859 |
| 942 ## - ADDED ENTRY ELEMENTS (KOHA) | |
| Source of classification or shelving scheme | Dewey Decimal Classification |
| Koha item type | Books |
| Withdrawn status | Lost status | Source of classification or shelving scheme | Damaged status | Not for loan | Collection code | Home library | Current library | Date acquired | Source of acquisition | Full call number | Barcode | Date last seen | Copy number | Koha item type |
|---|---|---|---|---|---|---|---|---|---|---|---|---|---|---|
| Dewey Decimal Classification | Non-fiction | Biblioteca Pública José María del Castillo y Rada | Biblioteca Pública José María del Castillo y Rada | 04/10/2018 | Donación | 345.86 / C718d | 201807574 | 05/16/2024 | Ej.1 | Books |